000 00355nam a2200145Ia 4500
008 230312s9999||||xx |||||||||||||| ||und||
020 _a1-84400-315-9
082 _a720.19
_bCUM-D
100 _aCumberbatch;Gane
245 0 _aDecorating Easy
260 _bQuadrille
_aLondon
_c2005
300 _a160
650 _aArchitecture
_vArt & Design
942 _cBK
999 _c11760
_d11760